Communist Countries - Statistics

General Stats
  • This quiz has been taken 114 times
  • The average score is 11 of 14
Answer Stats
Hint Answer % Correct
1917-1991 USSR
97%
1949-Now China
96%
1959-Now Cuba
87%
1976-Now Vietnam
87%
1948-Now North Korea
86%
1947-1989 Poland
78%
1947-1989 Romania
74%
1945-1991 Yugoslavia
74%
1946-1990 Bulgaria
68%
1949-1989 Hungary
65%
1975-Now Laos
65%
1948-1989 Czechoslovakia
64%
1949-1990 Germany
61%
1946-1991 Albania
56%
No matching quizzes found
Score Distribution
Percent of People with Each Score
Percentile by Number Answered
Your Score History
You have not taken this quiz